Countries With The Most Scottish Ancestry - Statistics

General Stats
  • This quiz has been taken 58 times
  • The average score is 19 of 25
Answer Stats
Scots Country % Correct
4,79 mil Canada
100%
8,50 mil United States
100%
2,16 mil Australia
96%
16,700 Ireland
96%
12,800 New Zealand
96%
48,750 France
94%
110,000 Brazil
90%
2,850 Germany
90%
1,210 Spain
88%
224,500 Argentina
84%
3,500 Mexico
84%
1,400 Norway
82%
1,380 Netherlands
78%
1,780 Sweden
76%
805,000 England
75%
21,500 South Africa
73%
18,000 Chile
71%
5,54 mil Scotland
67%
37,600 Wales
67%
15,000 Poland
63%
17,500 Northern Ireland
61%
8,500 Uruguay
53%
1,150 Peru
51%
1,650 China
45%
1,390 Philippines
8%
No matching quizzes found
Score Distribution
Percent of People with Each Score
Percentile by Number Answered
Your Score History
You have not taken this quiz